Statistics for NBA career 3-point scoring leaders

Click here to take the quiz!

General Stats

  • This quiz has been taken 49 times
    (9 since last reset)
  • The average score is 14 of 20

Answer Stats

3PM Player % Correct
2973Ray Allen
100%
2129Stephen Curry
100%
2560Reggie Miller
88%
1616LeBron James
88%
2213Kyle Korver
88%
2143Paul Pierce
75%
1685Steve Nash
75%
1647James Harden
75%
1918Dirk Nowitzki
75%
2106Vince Carter
63%
1978Joe Johnson
63%
2282Jason Terry
63%
1830Chauncey Billups
63%
1827Kobe Bryant
63%
1787Rashard Lewis
63%
1760Peja Stojakovic
63%
1988Jason Kidd
50%
1917J.R. Smith
50%
2153Jamal Crawford
38%
1719Dale Ellis
25%

Score Distribution

Percentile by Number Answered

Percent of People with Each Score

Your Score History

You have not taken this quiz since the last reset